Biela kniha o budúcnosti Európy a limity integrácie Európskej únie v hospodárskej a menovej oblasti
Päť scenárov ďalšieho rozvoja Európskej únie zakotvených v Bielej knihe o budúcnosti Európy. Súčasné výzvy hospodárskej a menovej politiky Európskej únie. Hospodárska a menová únia v kontexte piatich scenárov vývoja v Európe do roku 2025.
Gespeichert in:
| 1. Verfasser: | |
|---|---|
| Format: | Buchkapitel |
| Sprache: | Slowakisch |
| Schlagworte: | |
| Tags: |
Keine Tags, Fügen Sie das erste Tag hinzu!
|
MARC
| LEADER | 00000naa a2200000 4500 | ||
|---|---|---|---|
| 001 | 0247676 | ||
| 005 | 20240502073950.0 | ||
| 041 | 0 | |a slo | |
| 044 | |a SK | ||
| 245 | 1 | 0 | |a Biela kniha o budúcnosti Európy a limity integrácie Európskej únie v hospodárskej a menovej oblasti |c Ľubica Harakaľová |
| 520 | |a Päť scenárov ďalšieho rozvoja Európskej únie zakotvených v Bielej knihe o budúcnosti Európy. Súčasné výzvy hospodárskej a menovej politiky Európskej únie. Hospodárska a menová únia v kontexte piatich scenárov vývoja v Európe do roku 2025. | ||
| 610 | 2 | 0 | |a integrácia ekonomická medzinárodná |
| 610 | 2 | 0 | |a spolupráca medzinárodná |
| 610 | 2 | 0 | |a vzťahy medzinárodné |
| 610 | 2 | 0 | |a únie hospodárske |
| 610 | 2 | 0 | |a únie menové |
| 610 | 2 | 0 | |a vývoj hospodársky |
| 610 | 2 | 0 | |a politika hospodárska medzinárodná |
| 610 | 2 | 0 | |a Európska únia |
| 100 | 1 | |a Harakaľová, Ľubica, 1963- | |